00445nam a2200169Ia 4500999001500000003000400015005001700019008004100036040000900077082001500086100002600101245004600127250001200173260004500185300000900230942003600239 c5680d5680OSt20200120111052.0190216s9999||||xx |||||||||||||| ||und|| coclc a658bPAG/P a Pagare, Dinkar91263 0aPrinciples Of Management /cDinkar Pagare a5TH ED. bSulthan Chand & Sons,c2000.aNew Delhi: a463p cBK2ddch658iPAG/Pk658mPAG/P